01779agaaa2200313 45000010005000000030009000050050017000140070009000310080040000400400023000800410013001031000048001161300032001642400030001962450194002262460023004202500022004432600125004653000034005905080115006245110093007395200362008325380009011945460013012036500073012167000060012897000062013497000054014110860IT-RoPAU20220918181253.0d cvaizq50131s9999||||xx ||| | || ||und|| aIT-RoPAUcIT-RoPAU aITALIANO aArmstrong GillgCodice regista SPICS: 38697 aMIA BRILLANTE CARRIERA (LA) aMY BRILLANT CARRERgT2585 aMIA BRILLANTE CARRIERA (LA)cProdotto da: Fink Margarethe -- Sceneggiatura: Witcombe Leanor -- Diretto da: Armstrong GillpMIA BRILLANTE CARRIERA (LA) (Rif. Codice opera principale : V0860) aMY BRILLANT CARRER aEdizione Standard a(AUSTRALIA)bNEW SOUTH WALES F.C. - GUO D. / Distribuzione: SPF FIRENZEg"1978 (1° ed.: 1993 ; Ed. Lingua Orig.: 1978)" a16MMbsonoro, col.c97 minuti a"Fotografia: Mc Alpine Don; Montaggio: Beuman Nicholas; Musica: Waks Nathan; Sceneggiatura: Witcombe Leanor; " a"Davis Judy; Neill Sam; Hughs Wendy; Grubb Robert; Cullen Max; Britton Aileen; Whitford" aAGLI INIZI DEL XX SECOLO UNA RAGAZZA DI UMILE FAMIGLIA SCANDALIZZA TUTTI PERCHE' VUOLE SFONDARE IN CAMPO LETTERARIO. A TAL FINE RINUNCIA A UN BUON MATRIMONIO E SI ADATTA A FAR DA MAESTRA A DEI ROZZI RAGAZZI DI CAMPAGNA TANTACOSTANZA VERRA' PREMIATA PERCHE' IL SUO PRIMO LIBRO VERRA' PUBBLICATO DA UN EDITORE INGLESE. FILM A COLORI. PELLICOLA IN BUONO STATO. aMONO aITALIANO aAUTOBIOGRAFICOePELLICOLE CINEMA [16 MM]xCodice MATERIA SPICS: 9955 aArmstrong Gill e(regista)gCodice regista SPICS: 38697 aFranklin Miles e(soggetto)gCodice Soggetto SPICS: 38698 aWaks Nathane(musica)gCodice Musica SPICS: 38699